00556nam a2200157Ia 4500003000900000008004100009020001800050040001600068080002100084245016100105260004200266300001400308650001400322650004100336700002100377IN-BaIIA211028s9999 xx 000 0 eng d a90-277-2279-X cIIA Library a082.2:52bIAU-H7 0aHighlights of astronomybvol.7, as presented at the XIXth general assembly of the IAU, 1985cedited by J. P. Swings  aDordrechtbD. Reidel Publishingc1986 axv, 894p. aAstronomy aAstronomy and Astrophysics Thesaurus aSwings, J. P ed.